Länder Südamerikas nach Fläche - Statistiken

Allgemein
  • Dieses Quiz wurde 1.023 mal gespielt
  • Das Durchschnittsergebnis liegt bei 11 aus 12
Antwortstatistiken
Fläche (km²) Land % Korrekt
2.780.400 Argentinien
100%
8.515.770 Brasilien
100%
1.285.216 Peru
97%
1.138.910 Kolumbien
96%
1.098.581 Bolivien
93%
756.102 Chile
93%
912.050 Venezuela
92%
406.752 Paraguay
89%
283.561 Ecuador
86%
176.215 Uruguay
85%
163.820 Suriname
84%
214.969 Guyana
83%
Keine übereinstimmenden Quizze gefunden
Verteilung der Resultate
Anzahl Personen mit jedem Resultat
Perzentil nach korrekt beantworteten Fragen
Ihre Resultats-Entwicklung
Sie haben dieses Quiz noch nicht gespielt